000 01086nam a2200301 4500
001 0000015093
003 CO-CtgCURN
005 20250329191008.0
007 ta
008 160627s1972 000 0 eng d
020 _a9688800058
040 _aCO-CtgCURN
_bspa
_ccoctgcurn
082 0 _a658.09
_bG36h
100 1 _aGeorge, Claude S.
245 1 0 _aHistoria del pensamiento administrativo /
_cClaude S. George , traducción y adaptacion Guillermo Maldonado Santa Cruz. , asesores tecnicos José Cañero Rojano.
260 _aEnglewood Cliffs ; Prentice Hall-International ; Prentice-Hall,
_c1972.
300 _axx, 217 p.
336 _2rdacontent
337 _2rdamedia
_asin mediacion
_bn
338 _2rdacarrier
_avolumen
_bnc
500 _aIncluye indice \ Titulo original. The history of management.
650 1 4 _aAdministración (Teoria)
650 1 4 _aGestion de empresas.
700 1 _aMaldonado Santa Cruz, Guillermo.
908 _a160627
942 _cBK
_h658.09
_iG36h
_2ddc
999 _c10586
_d10586